000
00335nam a2200145Ia 4500
005
20251222175918.0
008
251222s9999||||xx |||||||||||||| ||spa||
020
_a
9972653196
082
_a
657.028.5/A64
100
_a
Aparicio Valdéz, Luis
245
0
_a
Comprobantes de Pago
250
_a
1ra.ed.
264
_b
Elle
942
_c
LIB
999
_c
40581
_d
40581